Central Library OPAC University of Rajshahi

Hydrodynamic and hydromagnetic stability / (Record no. 53033)

MARC details
000 -LEADER
fixed length control field 00821nam a2200253 a 4500
001 - CONTROL NUMBER
control field 53033
003 - CONTROL NUMBER IDENTIFIER
rucl marc code BD-RJULM
005 - DATE AND TIME OF LATEST TRANSACTION
control field 20211209075910.0
008 - FIXED-LENGTH DATA ELEMENTS--GENERAL INFORMATION
fixed length control field 161002r19611970enk 001 0 eng d
035 ## - SYSTEM CONTROL NUMBER
System control number BD-RjUL53153
040 ## - CATALOGING SOURCE
Original cataloging agency BD-RjUL
Language of cataloging eng
Transcribing agency BD-RjUL
041 ## - LANGUAGE CODE
Language code of text/sound track or separate title eng
082 ## - DEWEY DECIMAL CLASSIFICATION NUMBER
Edition number 23
Classification number 532.5
Author mark and year CHH 1970
100 1# - MAIN ENTRY--PERSONAL NAME
Personal name Chandrasekhar, S.
Fuller form of name (Subrahmanyan),
Dates associated with a name 1910-1995
9 (RLIN) 158501
245 10 - TITLE STATEMENT
Title Hydrodynamic and hydromagnetic stability /
Statement of responsibility, etc. by S. Chandrasekhar
260 ## - PUBLICATION, DISTRIBUTION, ETC. (IMPRINT)
Place of publication, distribution, etc. Oxford :
Name of publisher, distributor, etc. Clarendon Press,
Date of publication, distribution, etc. 1961 [reprint 1970]
300 ## - PHYSICAL DESCRIPTION
Pagination 654 p. :
Illustrations ill. ;
Size 24 cm
504 ## - BIBLIOGRAPHY, ETC. NOTE
Bibliography, etc Includes index
650 #0 - SUBJECT ADDED ENTRY--TOPICAL TERM
Topical term or geographic name as entry element Fluid dynamics.
9 (RLIN) 155807
Topical term or geographic name as entry element Magnetohydrodynamics.
9 (RLIN) 158502
Topical term or geographic name as entry element Stability
9 (RLIN) 155910
830 #0 - SERIES ADDED ENTRY--UNIFORM TITLE
Uniform title International series of monographs on physics (Oxford, England)
942 ## - ADDED ENTRY ELEMENTS (KOHA)
Source of classification or shelving scheme Dewey Decimal Classification
Koha item type Books
Holdings
Lost status Source of classification or shelving scheme Damaged status Not for loan Collection code Permanent Location Current Location Shelving location Date acquired Source of acquisition Cost, normal purchase price Total Checkouts Full call number Date last seen Copy number Koha item type
  Dewey Decimal Classification     Non-fiction Central Library, University of Rajshahi Central Library, University of Rajshahi   25/01/1975 Jonathan Wren & Co. 50.00   532.5 CHH 1970 02/10/2016 C-2 Books
  Dewey Decimal Classification   Not For Loan Non-fiction Central Library, University of Rajshahi Central Library, University of Rajshahi Reading Room 25/01/1975 Jonathan Wren & Co. 8.50   532.5 CHH 1970 07/05/2017 C-1 Books
  Dewey Decimal Classification     Non-fiction Central Library, University of Rajshahi Central Library, University of Rajshahi   25/01/1975 Jonathan Wren & Co. 8.50   532.5 CHH 1970 07/05/2017 C-3 Books
  Dewey Decimal Classification     Non-fiction Central Library, University of Rajshahi Central Library, University of Rajshahi   25/01/1975 Jonathan Wren & Co. 8.50   532.5 CHH 1970 07/05/2017 C-4 Books